[Event "CHI-ch (Women)"]
[Site "Santiago de Chile"]
[Date "2004.04.04"]
[Round "2"]
[White "Guerrero, Javiera"]
[Black "Ramos, Daniela"]
[Result "0-1"]
[WhiteElo "1318"]
[BlackElo "1948"]
[PlyCount "40"]
[EventDate "2004.04.03"]
[EventType "swiss"]
[EventRounds "3"]
[EventCountry "CHI"]
[SourceTitle "EXT 2008"]
[Source "ChessBase"]
[SourceDate "2007.11.25"]
[SourceVersion "1"]
[SourceVersionDate "2007.11.25"]
[SourceQuality "1"]

1. d4 Nf6 2. c4 g6 3. Nc3 Bg7 4. Nf3 d6 5. e3 Nbd7 6. Be2 e5 7. 0-0 0-0 8. c5 exd4 9. exd4 dxc5 10. dxc5 Nxc5 11. Qxd8 Rxd8 12. Bc4 Bf5 13. Ne5 Ne6 14. Rd1 Ne4 15. Bg5 Rxd1+ 16. Rxd1 Bxe5 17. Nd5 N4xg5 18. Ne7+ Kg7 19. Re1 Bxb2 20. Rb1 Bxb1 0-1